Cleantech Conference and Showcase 2012 (Record no. 597745)

000 -LEADER
fixed length control field 00272nam a2200109Ia 4500
008 - FIXED-LENGTH DATA ELEMENTS--GENERAL INFORMATION
fixed length control field 230907s9999||||xx |||||||||||||| ||und||
082 ## - DEWEY DECIMAL CLASSIFICATION NUMBER
Classification number 628
Author Mark ClE,
245 #0 - TITLE STATEMENT
Title Cleantech Conference and Showcase 2012
260 ## - PUBLICATION, DISTRIBUTION, ETC.
Place of publication, distribution, etc. CRC Press
Name of publisher, distributor, etc. Boston
Date of publication, distribution, etc. 2012
300 ## - PHYSICAL DESCRIPTION
Extent 420p.
942 ## - ADDED ENTRY ELEMENTS (KOHA)
Koha item type Book
Holdings
Withdrawn status Lost status Damaged status Not for loan Permanent Location Current Location Date acquired Total Checkouts Full call number Barcode Date last seen Price effective from Koha item type
        US-Pakistan Center for Advanced Studies in Energy (USPCAS-E) US-Pakistan Center for Advanced Studies in Energy (USPCAS-E) 06/28/2018   628 ClE, CAS-E0001844 09/12/2023 09/12/2023 Book
© 2023 Central Library, National University of Sciences and Technology. All Rights Reserved.